Vytváření obchodně politického prostoru. Rozhovor s ing. Ľubomírem Martákem, CSc., náměstkem ministra zahraničního obchodu ČSFR.
Problematika súčasného postavenia a úloh FMZO, veľkosti národného dôchodku prechádzajúceho sférou zahraničného obchodu, nevyhnutnosti zvýšenia podielu produkcie realizovanej prostredníctvom zahraničného obchodu, výsledkov zahraničného obchodu za rok 1991, stavu obchodných dohôd pre rok 1992 a obchod...
Guardado en:
| Autor principal: | |
|---|---|
| Otros Autores: | |
| Formato: | Capítulo de libro |
| Lenguaje: | checo |
| Materias: | |
| Etiquetas: |
Sin Etiquetas, Sea el primero en etiquetar este registro!
|
MARC
| LEADER | 00000naa a2200000 4500 | ||
|---|---|---|---|
| 001 | r007191 | ||
| 005 | 20220831090309.6 | ||
| 041 | 0 | |a cze | |
| 044 | |a [CS] | ||
| 245 | 1 | 0 | |a Vytváření obchodně politického prostoru. |b Rozhovor s ing. Ľubomírem Martákem, CSc., náměstkem ministra zahraničního obchodu ČSFR. |c Ľ. Marták, I. Šatavová |
| 520 | |a Problematika súčasného postavenia a úloh FMZO, veľkosti národného dôchodku prechádzajúceho sférou zahraničného obchodu, nevyhnutnosti zvýšenia podielu produkcie realizovanej prostredníctvom zahraničného obchodu, výsledkov zahraničného obchodu za rok 1991, stavu obchodných dohôd pre rok 1992 a obchodných vzťahov so Spoločenstvom nezávislých štátov. | ||
| 610 | 2 | 0 | |a obchod zahraničný |
| 610 | 2 | 0 | |a FMZO Praha |
| 610 | 2 | 0 | |a ČSFR |
| 610 | 2 | 0 | |a ministerstvá |
| 610 | 2 | 0 | |a dôchodok národný |
| 610 | 2 | 0 | |a 1991-1992 |
| 610 | 2 | 0 | |a dohody obchodné medzinárodné |
| 100 | 1 | |a Marták, Ľ. | |
| 700 | 1 | |a Šatavová, I. | |